000 00527nmm a2200169Ia 4500
008 251105s9999||||xx |||||||||||||||||und||
020 _a8482550713
041 _aspa
100 _aLaplace, Gina Ángeles
245 0 _aLa tarde se inclina sobre los árboles :
_b Prólogo de Américo Ferrari
264 _a[Madrid, España] :
_bLibros de la Frontera,
_c2005
300 _a144 páginas
490 _aEl Bardo. 4ª etapa
650 _aSpanish poetry
856 _uhttps://public.digitaliapublishing.com/a/10155
942 _cCF
999 _c73700
_d73700